| 000 | 00885nam a2200277 a 4500 | ||
|---|---|---|---|
| 008 | |||
| 020 | _a0851989063 (hbk.) | ||
| 049 | _aMAIN | ||
| 090 | _aS595 | ||
| 100 | 1 | _aGhassemi, F. | |
| 245 | 1 | 0 |
_aSalinisation of land and water resources : _bhuman causes, extent, management and case studies / _cF. Ghassemi, A.J. Jakeman and H.A. Nix. |
| 260 |
_aWallingford, Oxon. : _bCAB International, _c1995. |
||
| 300 |
_axviii, 526 p. : _bill., maps ; _c24 cm. |
||
| 500 | _aIncludes index. | ||
| 504 | _aIncludes bibliographical references. | ||
| 650 | 0 |
_aSalinization _xControl. |
|
| 650 | 0 | _aSoil salinization. | |
| 650 | 0 | _aWater salinization. | |
| 700 | 1 | _aJakeman, A. J. | |
| 700 | 1 | _aNix, H. A. | |
| 907 |
_a.b10167341 _b12-02-07 _c06-07-05 |
||
| 003 | |||
| 005 | 20230123134030.0 | ||
| 040 | _cNUST | ||
| 942 |
_cBOOKS _kS595 |
||
| 999 |
_c158842 _d158842 |
||